Statistics for Songs with Animals in the Title #2

Click here to take the quiz!

General Stats

  • This quiz has been taken 24,448 times
  • The average score is 11 of 18

Answer Stats

Musical ActSong% Correct
Harry Chapin{Cat}'s in the Cradle
90%
Lynyrd SkynyrdFree {Bird}
89%
TraditionalThe Itsy Bitsy {Spider}
86%
TraditionalPop Goes the {Weasel}
85%
Peter, Paul and MaryPuff the Magic {Dragon}
84%
Led ZeppelinBlack {Dog}
81%
Meat Loaf{Bat} out of Hell
76%
ShakiraShe {Wolf}
68%
Elmo & PatsyGrandma Got Run Over
by a {Reindeer}
64%
Bobby DayRockin' {Robin}
47%
Jefferson AirplaneWhite {Rabbit}
46%
The Beatles{Octopus}'s Garden
44%
Henry ManciniBaby {Elephant} Walk
41%
The B-52'sRock {Lobster}
40%
Rick DeesDisco {Duck}
35%
Toby Keith & Willie NelsonBeer for My {Horses}
30%
TraditionalThe Old Gray {Mare}
30%
Pixies{Monkey} Gone to Heaven
25%

Score Distribution

Percentile by Number Answered

Percent of People with Each Score

Your Score History

You have not taken this quiz